| 000 | 01390nam1a22003251i 4500 | ||
|---|---|---|---|
| 001 | rc\2223605 | ||
| 005 | 20240726023713.0 | ||
| 035 | _a(NLR Aleph) 006708124 | ||
| 090 |
_a5314371 _c5314371 |
||
| 100 | _a20110829g1978 |||y0rusy50 ca | ||
| 101 | 0 | _arus | |
| 102 | _aRU | ||
| 105 | _ay z ||||| | ||
| 200 | 1 |
_aСтандартизация лекарств _eУчеб. пособие для студентов _f[Сост. Р.В. Бобылевым, Г.П. Грядуновой, Н.С. Игнатьевой и др. _gПод ред. А.И. Тенцовой] |
|
| 210 |
_aМосква _cМОЛМИ _d1978- |
||
| 215 | _d20 | ||
| 300 | _aСост. указаны на обороте тит. л. | ||
| 300 | _aВ надзаг.: I моск. мед. ин-т им. И.М. Сеченова, Каф. завод. технологии лекарств | ||
| 606 |
_aЛекарства _xСтандартизация _2psbo |
||
| 702 | 1 |
_aИгнатьева _bН.С. _4220 |
|
| 702 | 1 |
_aТенцова _bА.И. _gАнтонина Ивановна _4340 |
|
| 702 | 1 |
_aГрядунова _bГ.П. _4220 |
|
| 702 | 1 |
_aБобылев _bР.В. _4220 |
|
| 712 | 0 | 2 |
_aМосковский мед. ин-т им. И.М. Сеченова _c1 |
| 801 | 1 |
_aRU _bELAR _2rusmarc |
|
| 801 | 0 |
_aRU _bNLR _gpsbo |
|
| 852 |
_aNLR _j79-4/11167 |
||
| 899 |
_aRuMoRGB _jB 79-8/108 |
||
| 899 |
_aRuMoRGB _jB 79-8/110 |
||
| 942 | _cBOOK | ||